| 000 -LEADER | |
|---|---|
| fixed length control field | 00432nam a22001697a 4500 |
| 005 - DATE AND TIME OF LATEST TRANSACTION | |
| control field | 20240108120304.0 |
| 008 - FIXED-LENGTH DATA ELEMENTS--GENERAL INFORMATION | |
| fixed length control field | 190427b xxu||||| |||| 00| 0 eng d |
| 020 ## - INTERNATIONAL STANDARD BOOK NUMBER | |
| ISBN | 978-93-86943-55-2 |
| 041 ## - LANGUAGE CODE | |
| Language code of text/sound track or separate title | eng |
| 100 ## - MAIN ENTRY--AUTHOR NAME | |
| Personal name | PAWAR, DR. ATMARAM |
| 245 ## - TITLE STATEMENT | |
| Title | A TEXTBOOK OF PHARMACEUTICS FOR B.PHARMA |
| 250 ## - EDITION STATEMENT | |
| Edition statement | 1st , 2017 |
| 260 ## - PUBLICATION, DISTRIBUTION, ETC. (IMPRINT) | |
| Place of publication | PUNE |
| Name of publisher | NIRALI PRAKASHAN |
| 300 ## - PHYSICAL DESCRIPTION | |
| Number of Pages | 13.14 p, |
| 650 ## - SUBJECT ADDED ENTRY--TOPICAL TERM | |
| Topical Term | PHARMACY |
| General subdivision | B.PHARMA |
| 942 ## - ADDED ENTRY ELEMENTS (KOHA) | |
| Koha item type | Books |
| Lost status | Damaged status | Collection code | Home library | Current library | Shelving location | Date acquired | Source of acquisition | Cost, normal purchase price | Full call number | Accession Number | Koha item type |
|---|---|---|---|---|---|---|---|---|---|---|---|
| PHARMACY | JRU Library | JRU Library | Shelf - 23- B | 27/04/2019 | PURCHESS | 210.00 | 615.1 | 22658 | Books | ||
| PHARMACY | JRU Library | JRU Library | Shelf - 21- F | 27/04/2019 | PURCHESS | 210.00 | 615.1 | 22659 | Books | ||
| Reference | JRU Library | JRU Library | SHELF-4-C | 27/04/2019 | PURCHESS | 210.00 | 615.1 | 22660 | Books | ||
| PHARMACY | JRU Library | JRU Library | Shelf - 23- B | 09/02/2022 | PURCHASE | 250.00 | 615.1 | 26125 | Books | ||
| PHARMACY | JRU Library | JRU Library | Shelf - 23- B | 09/02/2022 | PURCHASE | 250.00 | 615.1 | 26126 | Books | ||
| PHARMACY | JRU Library | JRU Library | Shelf - 23- B | 09/02/2022 | PURCHASE | 250.00 | 615.1 | 26127 | Books | ||
| PHARMACY | JRU Library | JRU Library | Shelf - 23- B | 26/02/2022 | PURCHASE | 250.00 | 615.1 | 26711 | Books | ||
| PHARMACY | JRU Library | JRU Library | Shelf - 23- B | 26/02/2022 | PURCHASE | 250.00 | 615.1 | 26712 | Books | ||
| PHARMACY | JRU Library | JRU Library | Shelf - 23- B | 26/02/2022 | PURCHASE | 250.00 | 615.1 | 26713 | Books |